Nom de Pokémon à trou (#2) - Statistiques

Statistiques générales
  • Ce quiz a été pris 57 fois
  • Le résultat moyen est 9 sur 10
Statistiques - réponses
Nom à trou Pokémon % Correct
P_k_ch_ Pikachu
100%
S_l_m_ch_ Salamèche
100%
Ev_l_ Evoli
98%
R_m_l_ss Ramoloss
93%
T_dm_rv Tadmorv
89%
Sp_r_t_mb Spiritomb
83%
T__p_q___r Taupiqueur
81%
G_rm_gn_n Germignon
80%
Br_nd_b__ Brindibou
76%
___st_cr_m Ouisticram
76%
Aucun quiz correspondant
Distribution des résultats
% des personnes avec chaque résultat
Percentile par nombre de réponses
Votre historique - résultats
Vous n’avez pas pris ce quiz